| 000 | 00361nam a22001457a 4500 | ||
|---|---|---|---|
| 999 |
_c197370 _d197370 |
||
| 008 | 230822b ||||| |||| 00| 0 eng d | ||
| 082 | _aS- VAI | ||
| 100 | _aVaid, Vaneeta | ||
| 245 |
_aMistaken Measures _hEnglish |
||
| 260 |
_aDelhi _bA.I.C.B. _cRohini |
||
| 270 | _aA.I.C.B. Rohini, Delhi | ||
| 300 | _a12x13 | ||
| 490 | _v1 | ||
| 942 |
_2ddc _cBRLEN _kS _mVAI |
||